000 00979cab a2200301 4500
001 ABS58933
008 090401t1998 xxu||||| |||| 00| 0 eng d
035 _a(Sirsi) u86934
041 _aeng
100 _aWestrup, L
245 _aInternational money eyes central Europe
260 _c1998
350 _a0
490 _aEuroProperty
_vJune 1998, 12-15(4)
520 _aDiscusses the increasing activity of private and institutional investors in central Europe, suggesting lack of product is one of the reasons why returns are so high in the region. Considers the situation in Hungary, Poland and the Czech Republic.
650 _aCENTRAL EUROPE
650 _aCONSTRUCTION COMPANIES
650 _aCZECH REPUBLIC
650 _aDEVELOPERS
650 _aHUNGARY
650 _aINSTITUTIONAL INVESTMENT
650 _aINTERNATIONAL INVESTMENT
650 _aPOLAND
650 _aVENTURE FUNDS
690 _aOVERSEAS-EUROPE
942 _n0
948 _c19/06/1998
999 _c54748
_d54748